000 00822nam a22002057a 4500
003 0
005 20250214112751.0
008 250214b xxu||||| |||| 00| 0 eng d
050 _aBF 575.S5
_b.G36 2024
100 _aGamboa, Jan Marito O.
245 _aImpact of shyness on the academic engagement of first year college students.
_cJan Marito O. Gamboa
260 _aLas Pinas City
_bSouthville International School and Colleges
_c2024
300 _aix, 159 pages;
_c28cm.
500 _aBachelor of Science in Psychology.
504 _aIncludes bibliographical references and appendices.
650 _aShyness —Student engagement -- Higher education.
650 _aEducational psychology—Motivation and social inhibition.
650 _aAcademic performance—Personality traits, Impact of.
942 _2lcc
_cTH
999 _c367220
_d367220